• 首页
  • 本馆介绍
  • 公告通知
  • 最新文献
  • 馆藏检索
  • 电子资源
  • 读者导购
  • 参考咨询
  • 我的图书馆
  • 登录
  • 详细信息显示
  • 放入我的书架
  • 预约/预借图书
  • 作者相关作品
  • 分类相关作品
  • 丛书相关作品
  • 出版社相关作品

书目信息

  • 表格格式
  • 工作单格式
  • 卡片格式
题名:
混凝土结构设计原理
    
 
作者: 贾英杰 , 杨维国 主编
分册:  
出版信息: 北京   中央广播电视大学出版社  2018.12
页数: 320页
开本: 26cm
丛书名:
单 册:
中图分类: TU370.4
科图分类:
主题词: 混凝土结构--结构设计--开放大学--教材
电子资源:
ISBN: 978-7-304-08762-3
000 00967nam0 2200265 45
001 012001002970
005 20211020091835.52
010    @a978-7-304-08762-3@dCNY47.00
100    @a20170927d2017 em y0chiy50 ea
101 0  @achi
102    @aCN@b110000
105    @aa z 000yy
106    @ar
200 1  @a混凝土结构设计原理@Ahun ning tu jie gou she ji yuan li@f贾英杰,杨维国主编
205    @a4版
210    @a北京@c中央广播电视大学出版社@d2018.12
215    @a320页@c图@d26cm@e
300    @a国家开放大学
330    @a本书主要内容包括:材料的物理和力学性能、混凝土结构设计的基本原则、受弯构件正截面和斜截面承载力计算、受压构件截面承载力、受拉和受扭构件承载力计算,正常使用极限状态验算及耐久性设计等等。
606 0  @a混凝土结构@x结构设计@x开放大学@j教材
690    @aTU370.4@v5
701  0 @a贾英杰@Ajia ying jie@c(博士)@4主编
701  0 @a杨维国@Ayang wei guo@f(1973~)@4主编
801  2 @aCN@bBJSDL@c20211018
905    @b1351016-9@dTU370.4@e2067=4@f4
    
    混凝土结构设计原理/贾英杰,杨维国主编.-4版.-北京:中央广播电视大学出版社,2018.12
    320页:图;26cm
    国家开放大学
    
    ISBN 978-7-304-08762-3:CNY47.00
    本书主要内容包括:材料的物理和力学性能、混凝土结构设计的基本原则、受弯构件正截面和斜截面承载力计算、受压构件截面承载力、受拉和受扭构件承载力计算,正常使用极限状态验算及耐久性设计等等。
●
相关链接 在E读中查询图书 在五车中查询图书 在当当中查询图书 在豆瓣中查询图书


正题名:混凝土结构设计原理     索取号:TU370.4/2067=4         预约/预借

序号 登录号 条形码 馆藏地/架位号 状态 备注
1 1351016   213510164   第二样本阅览室/ [索取号:TU370.4/2067=4] 在馆    
2 1351017   213510173   第三借阅区/ [索取号:TU370.4/2067=4] 在馆    
3 1351018   213510182   第三借阅区/ [索取号:TU370.4/2067=4] 在馆    
4 1351019   213510191   第三借阅区/ [索取号:TU370.4/2067=4] 在馆    
唐山师范学院图书馆 欢迎您!
大连网信软件有限公司© 版权所有